ბათუმის შოთა რუსთაველის სახელმწიფო უნივერსიტეტის ბიბლიოთეკა

მასალათა გამძლეობა : ნაწ. II : ლექციების კონსპექტი / (ბიბ.ჩანაწერი № 37388)

000 -ლიდერი
ფიქსირებული სიგრძის საკონტროლო ველი 00948nam a2200241Ia 4500
001 - საკონტროლო ნომერი
საკონტროლო ველი 3347
003 - საკონტროლო ნომრის იდენტიფიკატორი
საკონტროლო ველი GE_BSU
005 - ბოლო ოპერაციის თარიღი და დრო
საკონტროლო ველი 20190605163636.0
008 - ფიქსირებული სიგრძის მონაცემთა ელემენტები - ზოგადი ინფორმაცია
ფიქსირებული სიგრძის საკონტროლო ველი 181216s1994||||ge |||||||||||||| ||geo||
040 ## - კატალოგიზაციის წყარო
Transcribing agency GE_BSU
041 ## - ენის კოდი
Language code of text/sound track or separate title geo
080 ## - უნივერსალური ათობითი კლასიფიკაციის ინდექსი
Universal Decimal Classification number 620.1:539.4(075.8) დ–19
100 ## - მთავარი ჩანაწერი - პიროვნების სახელი
Personal name დანელია,დ.
9 (RLIN) 2116
245 ## - ცნობა სათაურის შესახებ
Title მასალათა გამძლეობა : ნაწ. II : ლექციების კონსპექტი /
Statement of responsibility, etc დ. დანელია ; ნ. მურღულია ; გ. ხაზალია.
264 ## - წარმოების, გამოცემის, დისტრიბუციის და სხვა ცნობები
გამოცემის, წარმოების, დისტრიბუციის... ადგილი თბილისი :
გამოცემის, წარმოების, დისტრიბუციის... სახელწოდება სტუ,
გამოცემის, წარმოების, დისტრიბუციის... თარიღი 1994.
300 ## - ფიზიკური აღწერა
Extent 72 გვ .:
Dimensions 20 სმ.
653 ## - INDEX TERM--UNCONTROLLED
Uncontrolled term მასალათა გამძლეობა
700 ## - ADDED ENTRY--PERSONAL NAME
Personal name მურღულია,ნ
9 (RLIN) 2134
700 ## - ADDED ENTRY--PERSONAL NAME
Personal name ხაზალია,გ
9 (RLIN) 1887
700 ## - ADDED ENTRY--PERSONAL NAME
Personal name არსენიძე, ც
Relator term რედაქტორი
9 (RLIN) 1557
942 ## - ADDED ENTRY ELEMENTS (KOHA)
Koha item type წიგნი
Source of classification or shelving scheme
ეგზემპლარები
ჩამოწერის სტატუსი დაკარგული ეგზემპლარის სტატუსი კლასიფიკაციის წყარო ან თაროზე გაწყობის სქემა დაზიანების სტატუსი არ გაიცემა მუდმივი მდებარეობა (დაცვის ადგილი) ამჟამინდელი ადგილსამყოფელი თაროზე განთავსების ადგილი შეძენის თარიღი ღირებულება, შესყიდვის ნორმალური ფასი სრული შენახვის შიფრი შტრიხკოდი ბოლო ოპერაციის თარიღი ეგზემპლარის მიმდევრობითი ნომერი (კეტერი?) ფასის ძალაში შესვლის თარიღი ეგზემპლარის სახეობა საჯარო შენიშვნა
          ტექნოლოგიური ფაკულტეტის ბიბლიოთეკა ტექნოლოგიური ფაკულტეტის ბიბლიოთეკა წიგნსაცავი 2018-12-17 2.00 620.1:539.4(075.8) დ–19 10465 2018-12-17 10465 2018-12-17 წიგნი 2 ლ.
          ტექნოლოგიური ფაკულტეტის ბიბლიოთეკა ტექნოლოგიური ფაკულტეტის ბიბლიოთეკა წიგნსაცავი 2018-12-17 2.00 620.1:539.4(075.8) დ–19 10466 2018-12-17 10466 2018-12-17 წიგნი 2 ლ.
          ტექნოლოგიური ფაკულტეტის ბიბლიოთეკა ტექნოლოგიური ფაკულტეტის ბიბლიოთეკა წიგნსაცავი 2018-12-17 2.00 620.1:539.4(075.8) დ–19 10467 2018-12-17 10467 2018-12-17 წიგნი 2 ლ.
          ტექნოლოგიური ფაკულტეტის ბიბლიოთეკა ტექნოლოგიური ფაკულტეტის ბიბლიოთეკა წიგნსაცავი 2018-12-17 2.00 620.1:539.4(075.8) დ–19 10468 2018-12-17 10468 2018-12-17 წიგნი 2 ლ.
          ტექნოლოგიური ფაკულტეტის ბიბლიოთეკა ტექნოლოგიური ფაკულტეტის ბიბლიოთეკა წიგნსაცავი 2018-12-17 2.00 620.1:539.4(075.8) დ–19 10469 2018-12-17 10469 2018-12-17 წიგნი 2 ლ.
          ტექნოლოგიური ფაკულტეტის ბიბლიოთეკა ტექნოლოგიური ფაკულტეტის ბიბლიოთეკა წიგნსაცავი 2018-12-17 2.00 620.1:539.4(075.8) დ–19 10470 2018-12-17 10470 2018-12-17 წიგნი 2 ლ.
          ტექნოლოგიური ფაკულტეტის ბიბლიოთეკა ტექნოლოგიური ფაკულტეტის ბიბლიოთეკა წიგნსაცავი 2018-12-17 2.00 620.1:539.4(075.8) დ–19 10471 2018-12-17 10471 2018-12-17 წიგნი 2 ლ.